000 00528nam a2200193Ia 4500
008 220216s9999 xx 000 0 und d
100 _aIvanov M
245 0 _aSilica obtained via pyrolysis of waste Green tyres: A perspective filler for rubber industry
260 _bKautschuk Gummi Kunststoffe
_c2010
300 _a303-307
500 _aSource Year: 2010
650 _aPyrolysis
650 _aRecycling
650 _aSilica
650 _aWaste tyres
700 _aLjutzkanov L
700 _aMihaylov M
942 _cJS
999 _c68698
_d68698